[Event "IBCA Wch blind 10th"]
[Site "Istanbul"]
[Date "2002.11.25"]
[Round "6"]
[White "Sonmez, Yunus"]
[Black "Rev, Miklos"]
[Result "0-1"]
[WhiteElo "1800"]
[BlackElo "2035"]
[PlyCount "80"]
[EventDate "2002.11.20"]
[EventType "swiss"]
[EventRounds "9"]
[EventCountry "TUR"]
[SourceTitle "EXT 2004"]
[Source "ChessBase"]
[SourceDate "2003.11.25"]
[SourceVersion "1"]
[SourceVersionDate "2003.11.25"]
[SourceQuality "1"]

1. e4 d5 2. exd5 Nf6 3. d4 Nxd5 4. c4 Nb4 5. Be3 Bf5 6. Na3 e6 7. Nf3 Be7 8. Qa4+ c6 9. c5 a5 10. Be2 Nd7 11. 0-0 0-0 12. Bd2 e5 13. Bxb4 axb4 14. Qxb4 exd4 15. Qxd4 Bxc5 16. Qc3 Bxa3 17. bxa3 Qe7 18. Bc4 Qxa3 19. Qxa3 Rxa3 20. Rfe1 Nb6 21. Bb3 Nd5 22. Re5 Be6 23. Nd4 Nc7 24. Nxe6 Nxe6 25. Bxe6 fxe6 26. Rxe6 Rfa8 27. h3 Rxa2 28. Rxa2 Rxa2 29. g4 Kf7 30. Re3 Rc2 31. Kg2 b5 32. Kg3 b4 33. f3 c5 34. Rb3 Rc3 35. Rb2 b3 36. Kf4 c4 37. Ke4 Rc2 38. Rb1 b2 39. Kd4 c3 40. Kd3 Rc1 0-1